<?xml version="1.0" encoding="UTF-8"?>
<record
    xmlns:xsi="http://www.w3.org/2001/XMLSchema-instance"
    xsi:schemaLocation="http://www.loc.gov/MARC21/slim http://www.loc.gov/standards/marcxml/schema/MARC21slim.xsd"
    xmlns="http://www.loc.gov/MARC21/slim">

  <leader>01278nam a2200253Ia 4500</leader>
  <controlfield tag="003">OSt</controlfield>
  <controlfield tag="005">20211207103019.0</controlfield>
  <controlfield tag="008">210310s1972    ar     gr     000 0 spa d</controlfield>
  <datafield tag="040" ind1=" " ind2=" ">
    <subfield code="a">CO-JMCR</subfield>
    <subfield code="c">CO-JMCR</subfield>
  </datafield>
  <datafield tag="041" ind1="0" ind2=" ">
    <subfield code="a">spa</subfield>
  </datafield>
  <datafield tag="082" ind1="0" ind2="4">
    <subfield code="a">336.34330982 /</subfield>
    <subfield code="b">G216d</subfield>
    <subfield code="2">23</subfield>
  </datafield>
  <datafield tag="100" ind1="1" ind2=" ">
    <subfield code="a">Garc&#xED;a Vizcaino, Jos&#xE9;, </subfield>
    <subfield code="e">autor</subfield>
    <subfield code="9">29323</subfield>
  </datafield>
  <datafield tag="245" ind1="1" ind2="3">
    <subfield code="a">La deuda publica nacional / </subfield>
    <subfield code="c">Jos&#xE9; Garc&#xED;a Vizca&#xED;no </subfield>
  </datafield>
  <datafield tag="260" ind1=" " ind2=" ">
    <subfield code="a">Buenod Aires, Argentina : </subfield>
    <subfield code="b">Universitaria de Buenos Aires, </subfield>
    <subfield code="c">1972.</subfield>
  </datafield>
  <datafield tag="300" ind1=" " ind2=" ">
    <subfield code="a">261 p&#xE1;ginas ; </subfield>
    <subfield code="c">24 cm.</subfield>
  </datafield>
  <datafield tag="490" ind1="0" ind2=" ">
    <subfield code="a">Biblioteca de la Universidad ; </subfield>
  </datafield>
  <datafield tag="490" ind1="0" ind2=" ">
    <subfield code="a">Tratados de econom&#xED;a</subfield>
  </datafield>
  <datafield tag="504" ind1=" " ind2=" ">
    <subfield code="a">Bibliograf&#xED;a : p&#xE1;ginas 257-260.</subfield>
  </datafield>
  <datafield tag="505" ind1="0" ind2=" ">
    <subfield code="a">Gastos p&#xFA;blicos. -- Recursos financieros del estado. -- Cr&#xE9;dito empr&#xE9;stito y deuda p&#xFA;blica. --  La deuda p&#xFA;blica nacional. -- Creaci&#xF3;n del endeudamiento externo. -- El emisionismo monetario. -- R&#xE9;gimen legal de la deuda p&#xFA;blica. -- Expansi&#xF3;n del endeudamiento. -- Desorden financiero. -- Reconstrucci&#xF3;n financiera. -- Endeudamiento ilimitado. -- La conversi&#xF3;n de la deuda  p&#xFA;blica en la argentina. -- Limites de la deuda p&#xFA;blica.</subfield>
  </datafield>
  <datafield tag="650" ind1="1" ind2="4">
    <subfield code="a">Deuda p&#xFA;blica</subfield>
    <subfield code="z">Argentina</subfield>
    <subfield code="9">41760</subfield>
  </datafield>
  <datafield tag="650" ind1="2" ind2="4">
    <subfield code="a">Recursos financieros</subfield>
    <subfield code="z">Argentina </subfield>
    <subfield code="9">41761</subfield>
  </datafield>
  <datafield tag="650" ind1="2" ind2="4">
    <subfield code="a">Endeudamiento externo</subfield>
    <subfield code="z">Argentina</subfield>
    <subfield code="9">41762</subfield>
  </datafield>
  <datafield tag="942" ind1=" " ind2=" ">
    <subfield code="2">ddc</subfield>
    <subfield code="c">BK</subfield>
  </datafield>
  <datafield tag="999" ind1=" " ind2=" ">
    <subfield code="c">12826</subfield>
    <subfield code="d">12826</subfield>
  </datafield>
  <datafield tag="952" ind1=" " ind2=" ">
    <subfield code="0">0</subfield>
    <subfield code="1">0</subfield>
    <subfield code="2">ddc</subfield>
    <subfield code="4">0</subfield>
    <subfield code="7">0</subfield>
    <subfield code="a">CPL</subfield>
    <subfield code="b">CPL</subfield>
    <subfield code="c">GEN</subfield>
    <subfield code="d">2018-04-15</subfield>
    <subfield code="e">Donaci&#xF3;n</subfield>
    <subfield code="o">336.34330982 / G216d</subfield>
    <subfield code="p">201811735</subfield>
    <subfield code="r">2024-05-16 00:00:00</subfield>
    <subfield code="t">Ej.1</subfield>
    <subfield code="w">2021-03-10</subfield>
    <subfield code="y">BK</subfield>
  </datafield>
</record>
